| 000 | 00545nam a22002297a 4500 | ||
|---|---|---|---|
| 003 | OSt | ||
| 005 | 20250503135430.0 | ||
| 008 | 250503b |||||||| |||| 00| 0 eng d | ||
| 020 | _a978-81-8371-548-5 | ||
| 040 | _cTrident | ||
| 082 |
_a515.9 _bARU |
||
| 100 | _aS. Arumugam | ||
| 110 |
_aA.Thangapandi Isaac _945401 |
||
| 111 |
_aA.Somasundaram _945402 |
||
| 245 | _aComplex Analysis | ||
| 250 | _a1st | ||
| 260 |
_aChennai _bScitech _c2024 |
||
| 300 | _a"257p;" | ||
| 500 | _aQuantity-1 | ||
| 650 | _aMathematics | ||
| 942 |
_2ddc _cBK _n0 |
||
| 999 |
_c61131 _d61131 |
||